000 01315nam0a22003491 4500
001 RU\INFOCOMM_322\NLR\5000129180
005 20250613105320.0
035 _a(NLR Aleph) 009525395
090 _a8853551
_c8853551
100 _a20130109d1972 |||y0rusy50 ca
101 0 _aeng
102 _aRU
105 _ay z |||||
200 1 _aCoke oven gasman
_fV. Leites, M. Sheingold, J. Obukhovsky
_g[Ed. and rev. by A. Zarzhevsky]
210 _aM.
_c"Higher school"
_d[1972]
215 _a380 с.
_cил.
_d22 см
300 _aНа пер. авт. не указаны
300 _aНа доп. тит. л. авт. и загл. на рус. яз.: В. А. Лейтес, М. А. Шейнгольд, Я. М. Обуховский. Газовщик коксовых печей
620 _aМосква
686 _aТх-т527(рук.)
_2rubbk
686 _aЛ523.02-51я73-1
_2rubbk
700 1 _9z01790
_aLejtes
_bV. A.
_gViktor Abramovič
701 1 _9z02790
_aŠejngol'd
_bM. A.
_gMoisej Abramovič
701 1 _9z03790
_aObuchovskij
_bJ. M.
_gJakov Mironovič
790 1 _9z01700
_aLeites
_bV.
_4070
790 1 _9z02701
_aSheingold
_bM.
_4070
790 1 _9z03701
_aObukhovsky
_bJ.
_4070
801 1 _aRU
_bInfocomm
_c20130109
801 0 _aRU
_bINFOCOMM
_gPSBO
852 _aNLR
_jТ45 Д-5/73
942 _cBOOK
980 _aNB